| 000 | 00856nam a2200193 a 4500 | ||
|---|---|---|---|
| 003 | 0 | ||
| 005 | 20250210112008.0 | ||
| 008 | 130129s19uu xx 00 eng d | ||
| 050 |
_aPHS NX 280 _b.F478 2012 |
||
| 100 | _aFilart, Michelle Margaret E. | ||
| 245 |
_aA comparative analysis in terms of aesthetics between two national artists of the Philippines in visual arts : _bFernando C. Amorsolo and Victorio C. Edades / _cMichelle Margaret E. Filart. |
||
| 260 |
_aLas PiƱas City, Philippines : _bSouthville International School and Colleges, _c2012. |
||
| 300 |
_a35 pages : _billustrations ; _c28 cm. |
||
| 504 | _aIncludes bibliographical references. | ||
| 650 |
_aAmorsolo, Fernando C. _xCriticism and interpretation. |
||
| 650 |
_aEdades, Victorio C. _xCriticism and interpretation. |
||
| 650 |
_aAesthetics _xComparative studies. |
||
| 942 |
_2lcc _cPASS |
||
| 999 |
_c98886 _d98886 |
||